เปลี่ยนเป็นภาษาไทย

Change to English
 แสดงรายละเอียดบรรณานุกรม
  กลับหน้าหลัก
ห้องสมุดโรงเรียนพะเยาพิทยาคม...ยินดีต้อนรับ...ทุกท่านเข้าสู่ระบบห้องสมุดอัตโนมัติ

Brief Record : Get Marc (ISO 2709) : E-mail record : QR code ปิดหน้าต่าง
หนังสืออ้างอิง : เกี่ยวกับ Collections
LEADER 00000nam 2200000uu 4500
001    13399115703
003     ULIBM
008    150813s||||||||th 000 0 tha d
082    ^a781.62^bส215ศ
110 0  ^aสำนักงานวัฒนธรรมจังวหัดพะเยา
245    ^aซอศิลปะการแสดงพื้นบ้านล้านนาพะเยา/^cโดย สำนักงานวัฒนธรรมจังวหัดพะเยา
250    ^aพิมพ์ครั้งที่ 1
260    ^aพะเยา :^bนครนิวส์การพิมพ์,^cมปป
300    ^a30หน้า :^bภาพประกอบ ;^c21ซม.
650    ^aซอ
945    ^p0^l0^i43622
945    ^p0^l0^i43623
945    ^p0^l0^i43624
945    ^p0^l0^i43625
945    ^p0^l0^i43626
945    ^p0^l0^i43627
945    ^p0^l0^i43628
945    ^p0^l0^i43629
999     ^aปาริฉัตร์
 
คุณยังไม่ได้ล็อกอิน คุณสามารถมีกิจกรรมร่วมกับเว็บไซต์ได้ แต่ต้องล็อกอินก่อน ::
  ล็อกอิน
ลำดับที่ ประเภท เลขเรียก/บาร์โค้ด สถานที่ สถานะ
1. หนังสือ
หนังสือ
781.62 ส215ศ c.1 
  Barcode: 43622
ห้องสมุด
►มุมหนังสือล้านนาภูมิปัญญาท้องถิ่น
On Shelf
  ขอยืม
2. หนังสือ
หนังสือ
781.62 ส215ศ c.2 
  Barcode: 43623
ห้องสมุด
►มุมหนังสือล้านนาภูมิปัญญาท้องถิ่น
On Shelf
  ขอยืม
3. หนังสือ
หนังสือ
781.62 ส215ศ c.3 
  Barcode: 43624
ห้องสมุด
►มุมหนังสือล้านนาภูมิปัญญาท้องถิ่น
On Shelf
  ขอยืม
4. หนังสือ
หนังสือ
781.62 ส215ศ c.4 
  Barcode: 43625
ห้องสมุด
►มุมหนังสือล้านนาภูมิปัญญาท้องถิ่น
On Shelf
  ขอยืม
5. หนังสือ
หนังสือ
781.62 ส215ศ c.5 
  Barcode: 43626
ห้องสมุด
►มุมหนังสือล้านนาภูมิปัญญาท้องถิ่น
On Shelf
  ขอยืม
6. หนังสือ
หนังสือ
781.62 ส215ศ c.6 
  Barcode: 43627
ห้องสมุด
►มุมหนังสือล้านนาภูมิปัญญาท้องถิ่น
On Shelf
  ขอยืม
7. หนังสือ
หนังสือ
781.62 ส215ศ c.7 
  Barcode: 43628
ห้องสมุด
►มุมหนังสือล้านนาภูมิปัญญาท้องถิ่น
On Shelf
  ขอยืม
8. หนังสือ
หนังสือ
781.62 ส215ศ c.8 
  Barcode: 43629
ห้องสมุด
►มุมหนังสือล้านนาภูมิปัญญาท้องถิ่น
On Shelf
  ขอยืม
   [แสดง 8/8 รายการ]

หนังสือดีน่าอ่าน


“ดั่งดวงแก้ว ส่องสว่าง ทางสายงาม”


จัดทำขึ้นเพื่อเฉลิมพระเกียรติ สมเด็จพระเทพรัตนราชสุดา ฯ สยามบรมราชกุมารี 
เนื่องในโอกาสมหามงคลเฉลิมพระชนมพรรษา ๕ รอบ ๒ เมษายน ๒๕๕๘ 

โดยหนังสือเล่มนี้ได้รวบรวม ๖๐ พระอัจฉริยภาพของสมเด็จพระเทพ ฯ 
ผู้อ่านจะได้รับแรงบันดาลใจให้พากเพียรเรียนรู้และขยันอดทนทำการงาน
ตามรอยเบื้องพระยุคลบาท เพราะพระองค์ทรงเป็นแบบอย่างอันดีเยี่ยมในทุกด้าน 

ทั้งในความใฝ่รู้ใฝ่เรียน คุณธรรมจริยธรรม พระวิริยอุตสาหะในการทรงงาน 
และอื่นๆอีกมากมาย ล้วนสามารถสร้างแรงบันดาลใจให้แก่เด็กและเยาวชน

อีกทั้งประชาชนทั่วไป ให้พากเพียรเรียนรู้และขยันอดทนทำการงานตามรอยพระยุคลบาท 
เพื่อฝึกฝนตนเองให้เป็นคนดีคนเก่งของครอบครัวและสังคมต่อไป



รายการใกล้เคียง
    หัวเรื่อง [ซอ]

แสดงความเห็นเกี่ยวกับหนังสือเล่มนี้


ยังไม่เคยถูกคอมเมนท์

คอมเมนท์ทรัพยากรรายการนี้
  คอมเมนท์: ซอศิลปะการแสดงพื..

 
 
 

 

ห้องสมุดเฉลิมพระเกียรติกาญจนาภิเษก  โรงเรียนพะเยาพิทยาคม อำเภอเมือง จังหวัดพะเยา 56000

 E-mail  : Library_ppk@windowslive.com     Library Phayaopittayakom 05-4431-275 ต่อ 4621


 Union Library Management : ULibM
Copyright 2026. All Rights Reserved.